00397nam a22001457a 4500003000600000005001700006008004100023040000800064082001500072100001400087245007000101260005600171300001100227650001300238GBCCL20251125112227.0251125b |||||||| |||| 00| 0 eng d cGBC a266bJOH 1 aJohn, C V aGod's heart for global mission :ba call to live beyond yourself  aBangalore :bEquipping indigenous ministries,c2023 a157p.  aMissions